| 000 | 00378nam a22001457a 4500 | ||
|---|---|---|---|
| 020 | _a978-81-8265-585-0 | ||
| 082 |
_a894.812 _bVAR/Y |
||
| 100 | _aPROF.P.A.VARGHESE | ||
| 245 | _aYADHARTHA VIJAYATHILEKULLA VAZHIKAL | ||
| 250 | _aSECOND EDITION | ||
| 260 |
_aKOZHIKODE _bMATHRUBHUMI PRINTING & PUBLISHING _c2013 |
||
| 300 | _a124 | ||
| 650 |
_aMOTIVATIONAL _zKERALA |
||
| 942 | _cBK | ||
| 999 |
_c1178 _d1178 |
||